100 best euroleague players (2023-2024) - Statistics

General Stats
  • This quiz has been taken 173 times
  • The average score is 55 of 100
Answer Stats
Hint Answer % Correct
100. G/ Armani Milano Maodo Lo
94%
1. G/ Monaco Mike James
94%
9. C/ Real Madrid Walter Tavares
93%
2. G/ Panathinaikos Kendrick Nunn
92%
6. C/ Panathinaikos Mathias Lessort
90%
3. G/ Efes Shane Larkin
90%
10 G/ Panathinaikos Kostas Sloukas
87%
7. G/ Real madrid Facundo Campazzo
86%
4. F/ Armani milano Nikola Mirotic
86%
12. G/ Maccabi Lorenzo Brown
82%
94. G/ Alba Berlin Sterling Brown
82%
98. F/ Monaco John Brown
81%
8. F/ Fenerbahce Nigel Hayes-Davies
78%
17. G/ Real Madrid Dzanan Musa
76%
35. C/ Olympiacos Moustapha Fall
76%
11. G/ Maccabi Wade Baldwin
76%
18. F/ Virtus Bologna Torinke Shengelia
75%
39. G/ Partizan Kevin Punter
73%
19. G/ Real Madrid Mario Hezonja
73%
16. C/ Barcelona Jan Vesely
72%
13. F/ Baskonia Chima Moneke
71%
20. G/ Baskonia Markus Howard
69%
5. F/ Efes Will Clyburn
69%
74. F/ Panathinaikos Juancho Hernangomez
68%
30. C/ Barcelona Willy Hernangomez
68%
61. G/ Crvena Zvezda Milos Teodosic
67%
49. G/ Fenerbahce Nick Calathes
66%
41. C/ Olympiacos Nikola Milutinov
66%
27. C/ Maccabi Josh Nebo
64%
14. G/ Zalgiris Keenan Evans
64%
50. G/ Olympiacos Thomas Walkup
64%
38. G/ Olympiacos Isaiah Canaan
62%
68. G/ ASVEL Nando de Colo
62%
25. G/ Valencia Chris Jones
61%
22. G/ Fenerbahce Scottie Wilbekin
61%
82. C/ Efes Tyrique Jones
61%
26. C/ Real Madrid Vincent Poirier
60%
15. F/ Olympiacos Alec Peters
58%
31. G/ Monaco Ellie Okobo
58%
44. F/ Real Madrid Gabriel Deck
58%
46. F/ Barcelona Jabari Parker
58%
34. G/ Panathinaikos Jerian Grant
58%
51. G/ Crvena Zvezda Nemanja Nedovic
58%
37. G/ Barcelona Nico Laprovittola
58%
33. C/ Bayern Serge Ibaka
58%
21. F/ Armani Milano Shavon Shields
58%
43. C/ Partizan Zach Leday
58%
76. C/ Fenerbahce Georgios Papagiannis
57%
24. F/ Maccabi Bonzie Colson
56%
23. F/ Panathinaikos Dinos Mitoglou
56%
28. F/ Real Madrid Guerschon Yabusele
54%
92. G/ Monaco Jordan Loyd
54%
79. F/ Olympiacos Kostas Papanikolaou
52%
54. G/ ASVEL Paris Lee
52%
52. C/ Valencia Brandon Davies
50%
58. G/ Efes Darius Thompson
50%
83. C/ Partizan Frank Kaminsky
50%
80. F/ Panathinaikos Ioannis Papapetrou
50%
36. C/ Crvena Zvezda Joel Bolomboy
50%
42. G/ Barcelona Tomas Satoransky
50%
88. G/ Armani Milano Devon Hall
49%
59. C/ Monaco Donta Hall
49%
67. G/ Bayern Carsen Edwards
48%
29. C/ Fenerbahce Johnathan Motley
47%
56. G/ Fenerbahce Marko Guduric
47%
99. G/ Olympaicos Nigel Williams-Goss
47%
40. G/ Baskonia Codi Miller-Mcintyre
46%
53. G/ Efes Elijah Bryant
45%
64. G/ Armani Milano Shabazz Napier
45%
90. F/ Panathinaikos Marius Grigonis
44%
60. F/ Armani Milano Nicolo Melli
43%
55. F/ Bayern Vladimir Lucic
43%
93. G/ Partizan Aleksa Avramovic
42%
63. F/ Partizan James Nunnally
42%
65. C/ Monaco Donatas Motiejunas
41%
70. F/ Partizan P.J. Dozier
40%
73. G/ Fenerbahce Tyler Dorsey
40%
87. G/ Crvena Zvezda Yago dos Santos
40%
75. F/ Barcelona Nikola Kalinic
39%
72. G/ Bayern Sylvain Francisco
39%
96. G/ Virtus Bologna Iffe Lundberg
38%
97. C/ Maccabi Jasiel Rivero
38%
48. F/ Baskonia Tadas Sedekerskis
38%
89. F/ Olympiacos Filip Petrusev
36%
86. G/ Virtus Bologna Marco Belinelli
36%
62. C/ ASVEL Joffrey Lauvergne
35%
32. F/ Monaco Alpha Diallo
34%
77. F/ Virtus Bologna Isaiah Cordinier
34%
81. G/ Efes Rodrigue Beaubois
34%
95. G/ Baskonia Vanja Marinkovic
32%
45. C/ Alba Berlin Johannes Thiemann
31%
84. C/ Armani Milano Johannes Voigtmann
30%
57. F/ Crvena Zvezda Rokas Giedraitis
30%
47. F/ Valencia Semi Ojeleye
30%
78. F/ Zalgiris Edgaras Ulanovas
28%
66. C/ Baskonia Maik Kotsar
26%
71. F/ ASVEL Timothe Luwawu-Cabarrot
23%
69. F/ Zalgiris Rolands Smits
20%
85. G/ Bayern Leandro Bolmaro
18%
91. F/ Efes Derek Willis
15%
No matching quizzes found
Score Distribution
Percent of People with Each Score
Percentile by Number Answered
Your Score History
You have not taken this quiz